All NCS Drumstep Songs - Statistics

General Stats
  • This quiz has been taken 8 times
  • The average score is 38 of 60
Answer Stats
Creator Title Views % Correct
Desmeon Back From The Dead 18M
100%
K-391, Gjermund Olstad Earth 40M
100%
Andromedik Firefly 699K (before remove)
100%
Krale, Jasmina Lin, Jay Christopher Frontier 11M
100%
Desmeon Hellcat 76M
100%
Wontolla, Kasger, Limitless Miles Away 20M
100%
Different Heaven, EH!DE My Heart 280M
100%
SirensCeol Stay 1,2M
100%
Mendum Stay With Me 5,7M
100%
Prismo Stronger (Raiko Remix) 9,7M
100%
Desmeon, Steklo Undone 14M
100%
Rob Gasser, Laura Brehm Vertigo 9,5M
100%
Geoxor You & I 16M
100%
Zack Merci, Nieko BOUNCE 1,9M
75%
Skybreak, Keepsake Comet 339K
75%
if found Dead Of Night VIP 1,7M
75%
AlexAnder, Dr. Ozi Down Low 159K (before remove)
75%
ROY KNOX Earthquake 6,7M
75%
Electro-Light Fall For Gravity 5,2M
75%
Maduk Go Home 3,3M
75%
Warptech, Cory Friesenhan In The Stories 3,3M
75%
ROY KNOX I Wish 2,6M
75%
Warptech Last Summer 4,2M
75%
Mendum One Third 7,5M
75%
Netrum Pixie Dust 1,1M
75%
Warptech, Cory Friesenhan Resolution 3,8M
75%
Jim Yosef Samurai 4M
75%
T, Sugah, MVE Sleepless 3,5M
75%
ROY KNOX, Ellen Louise Waterfall 2,9M
75%
Dope Arcade Ascension (MitiS Remix) 268K (before remove)
50%
Tom Wilson Be Myself 2,8M
50%
SadBois, Gabriel Eli Happier Now 316K
50%
Tritan, Ratfoot Hollow Life 2,1M
50%
xKore, F3tch Ladies 189K (before remove)
50%
SirensCeol, Reaktion, The Eden Project Let You Know 3,6M
50%
Raiko, Remi Willow Lightning Child 3,9M
50%
ROY KNOX, Shiah Maisel Living With Regret 1,8M
50%
Tim Beeren, Chenda, Jon Becker No Pressure 1,6M
50%
Psycho Crooks Nostalgia 516K (before remove)
50%
Cartoon, Jeja, Daniel Levi On & On (HAVSUN & WAYOUT Remix) 3,4M
50%
ROY KNOX, Mike Robert Over My Head 1,8M
50%
EBEN Promise 1M
50%
SadBois, Manno Romeo And Juliet 302K
50%
Drop Electric Santo Domingo no information
50%
ROY KNOX, WTCHOUT, Svniivan Shadows 4M
50%
High Maintenance Smash Brothers 357K (before remove)
50%
Unlike Pluto Time Is Eating 300K
50%
if found, Luma twenty five 638K
50%
Clarx, Zaug Warzone 279K
50%
T, Sugah, Mara Necia Bring Me The Light (Rob Gasser Remix) 1,1M
25%
Kick-Ass OST Flying Home 8,839 (before remove)
25%
hayve, imallryt Half Alive 1,1M
25%
Krys Talk Letting Go (Rootkit Remix) 208K (before remove)
25%
Clarx, SlidV Severed Rose 289K
25%
Audiomachine Siege Towers 21K (before remove)
25%
Raptures, SOXX, Barmuda Sings 624K
25%
Kick-Ass OST Strobe (Adagio in D Minor) no information
25%
Youth In Circles, LUVIUM The Right Time 322K
25%
Duelle, CiRRo Your Addition (Culture Code Remix) 246K (before remove)
25%
Zack Merci, Nieko Ray Of Night 1,2M
0%
No matching quizzes found
Score Distribution
Percent of People with Each Score
Percentile by Number Answered
Your Score History
You have not taken this quiz